000 00739nam a22002177a 4500
005 20251108173643.0
008 250721s2002 xx 000 0 ara d
020 _a9953295174
082 1 4 _aط/560/جاف
100 1 _aجاف، جاكي
245 1 0 _aلماذا تحولت الأسماك إلى برمائيات و غيرها من الأسئلة حول زمن ما قبل التاريخ /
264 1 _aبيروت :
_bالدار العربية للعلوم،
_c2002.
300 _a31ص.
490 0 _aلماذا؟
650 1 7 _aالبرمائيات
650 1 7 _aالأسماك
650 1 7 _aما قبل التاريخ
653 _aأطفال مرحلة متوسطة (6-9)سنوات
942 _2ddc
_cBK
999 _c109130
_d109130